Management / (Record no. 17277)
[ view plain ]
| 000 -LEADER | |
|---|---|
| fixed length control field | 00993nam a22003255a 4500 |
| 001 - CONTROL NUMBER | |
| control field | 015810567 |
| 003 - CONTROL NUMBER IDENTIFIER | |
| control field | Uk |
| 005 - DATE AND TIME OF LATEST TRANSACTION | |
| control field | 20150824115607.0 |
| 006 - FIXED-LENGTH DATA ELEMENTS--ADDITIONAL MATERIAL CHARACTERISTICS--GENERAL INFORMATION | |
| fixed length control field | a||||f |||| 00| 0 |
| 008 - FIXED-LENGTH DATA ELEMENTS--GENERAL INFORMATION | |
| fixed length control field | 110613s2012 mauab frb 001 0 eng c |
| 020 ## - INTERNATIONAL STANDARD BOOK NUMBER | |
| International Standard Book Number | 0273752774 (pbk.) |
| 020 ## - INTERNATIONAL STANDARD BOOK NUMBER | |
| International Standard Book Number | 9780273752776 (pbk.) |
| 040 ## - CATALOGING SOURCE | |
| Original cataloging agency | EG-ScBUE |
| Language of cataloging | eng |
| Transcribing agency | EG-ScBUE |
| 082 04 - DEWEY DECIMAL CLASSIFICATION NUMBER | |
| Classification number | 658 |
| Item number | ROB |
| Edition number | 22 |
| 100 1# - MAIN ENTRY--PERSONAL NAME | |
| Personal name | Robbins, Stephen P., |
| Dates associated with a name | 1943- |
| 9 (RLIN) | 20090 |
| 245 10 - TITLE STATEMENT | |
| Title | Management / |
| Statement of responsibility, etc | Stephen P. Robbins, Mary Coulter. |
| 250 ## - EDITION STATEMENT | |
| Edition statement | 11th ed., Global ed. |
| 260 ## - PUBLICATION, DISTRIBUTION, ETC. (IMPRINT) | |
| Place of publication, distribution, etc | Boston : |
| Name of publisher, distributor, etc | Pearson, |
| Date of publication, distribution, etc | c.2012. |
| 300 ## - PHYSICAL DESCRIPTION | |
| Extent | 671 p. : |
| Other physical details | ill., maps ; |
| Dimensions | 28 cm. + |
| Accompanying material | 1 Internet access card. |
| 500 ## - GENERAL NOTE | |
| General note | Includes indexes. |
| 500 ## - GENERAL NOTE | |
| General note | Appendix : p. 565-587. |
| 504 ## - BIBLIOGRAPHY, ETC. NOTE | |
| Bibliography, etc | Bibliography : p. 589-634. |
| 590 ## - LOCAL NOTE (RLIN) | |
| Local note | Menna Elemam |
| 650 #0 - SUBJECT ADDED ENTRY--TOPICAL TERM | |
| Topical term or geographic name as entry element | Management. |
| 9 (RLIN) | 32548 |
| Source of heading or term | BUEsh |
| 651 ## - SUBJECT ADDED ENTRY--GEOGRAPHIC NAME | |
| Source of heading or term | BUEsh |
| 653 ## - INDEX TERM--UNCONTROLLED | |
| Resource For college | BAEPS, Business Administration |
| Arrived date list | August2015 |
| 690 7# - LOCAL SUBJECT ADDED ENTRY--TOPICAL TERM (OCLC, RLIN) | |
| Topical term or geographic name as entry element | Management and Business Studies |
| Source of heading or term | blcoll |
| 700 1# - ADDED ENTRY--PERSONAL NAME | |
| Personal name | Coulter, Mary K. |
| 9 (RLIN) | 8042 |
| 942 ## - ADDED ENTRY ELEMENTS (KOHA) | |
| Source of classification or shelving scheme | Dewey Decimal Classification |
| Call number prefix | 658 ROB |
| Item type | Book - Borrowing |
| Withdrawn status | Item status | Source of classification or shelving scheme | Damaged status | Not for loan | Vendor | Home library | Current library | Shelving location | Date acquired | Source of acquisition | Total Checkouts | Full call number | Barcode | Date last seen | Date last borrowed | Koha item type | Total Renewals |
|---|---|---|---|---|---|---|---|---|---|---|---|---|---|---|---|---|---|
| Dewey Decimal Classification | Baccah | Central Library | Central Library | First floor | 10/02/2013 | 1 | 658 ROB | 000028146 | 15/07/2025 | 25/02/2014 | NB - Book (Non borrowing) | ||||||
| Dewey Decimal Classification | Baccah | Central Library | Central Library | First floor | 10/02/2013 | 27 | 658 ROB | 000028147 | 15/07/2025 | 04/05/2019 | Book - Borrowing | 45 | |||||
| Dewey Decimal Classification | Baccah | Central Library | Central Library | First floor | 10/02/2013 | 3 | 658 ROB | 000028148 | 15/07/2025 | 20/10/2021 | Book - Borrowing | 2 | |||||
| Dewey Decimal Classification | Baccah | Central Library | Central Library | First floor | 10/02/2013 | 16 | 658 ROB | 000028149 | 15/07/2025 | 15/05/2019 | Book - Borrowing | 9 |